000 00542nam a2200193Ia 4500
005 20250508150831.0
008 008 250505s9999 xx 000 0 eng d
037 _aTextual
040 _aFEDL
_beng
_cFEDL
041 _aeng
_2eng
084 _a370.954, IND
_qFEDL
245 0 _aReview of education in India during 1949-50
245 0 _cMinistry of Education Bureau of Education, India
260 _c1950
300 _a23p.
650 _aEdcuation
_9756182
942 _cTEXL
_h370.954, IND
999 _c1325955
_d1325955